[Event "AUTO-OPEN-406"]
[Site "http://www.queenalice.com/game.php?id=112115"]
[Date "2006.10.1"]
[Round "1"]
[White "bettim"]
[Black "Moe"]
[Result "0-1"]
[WhiteElo "1370"]
[BlackElo "1879"]

1. e3 e5 2. h4 b6 3. g3 Bb7 4. f3 d6 5. a4 a5 6. e4 Nc6 7. Bb5 Nf6 8. c3 Qe7 9.
Bxc6+ Bxc6 10. g4 O-O-O 11. g5 Nh5 12. d3 g6 13. b4 axb4 14. cxb4 h6 15. b5 Bb7
16. Nh3 Qd7 17. gxh6 Bxh6 18. Bg5 Bxg5 19. hxg5 Nf4 20. Nf2 Rxh1+ 21. Nxh1 Rh8
22. Nf2 Rh2 23. Nd2 Nh3 24. Nxh3 Qxh3 25. Nf1 Qh4+ 26. Ng3 Qxg3+ 27. Kf1 Qf2#
0-1

[Event "AUTO-OPEN-406"]
[Site "http://www.queenalice.com/game.php?id=112126"]
[Date "2006.10.1"]
[Round "1"]
[White "bettim"]
[Black "jcbraga"]
[Result "0-1"]
[WhiteElo "1318"]
[BlackElo "1634"]

1. e3 e5 2. h4 Be7 3. g3 d5 4. c3 Nf6 5. f4 exf4 6. gxf4 Bf5 7. d3 Nc6 8. e4
dxe4 9. dxe4 Qxd1+ 10. Kxd1 O-O-O+ 11. Nd2 Nxe4 12. Rh2 Nxd2 0-1

[Event "AUTO-INT-193"]
[Site "http://www.queenalice.com/game.php?id=112233"]
[Date "2006.10.2"]
[Round "1"]
[White "bettim"]
[Black "Andre"]
[Result "0-1"]
[WhiteElo "1392"]
[BlackElo "1535"]

1. h4 e5 2. f3 Bc5 3. e3 a6 4. d4 exd4 5. exd4 Bb4+ 6. c3 Bd6 7. Qe2+ Qe7 8.
Qxe7+ Bxe7 9. Bg5 f6 10. Bc1 h5 11. Bc4 b5 12. Bxg8 Rxg8 13. Bf4 Bd6 14. Bxd6
cxd6 15. Nh3 g5 16. O-O g4 17. fxg4 hxg4 18. Re1+ Kd8 19. Nf4 Re8 20. Rxe8+ Kxe8
21. Na3 Nc6 22. Nd5 Kd8 23. Re1 Bb7 24. Nxf6 Kc7 0-1

[Event "AUTO-INT-193"]
[Site "http://www.queenalice.com/game.php?id=112234"]
[Date "2006.10.2"]
[Round "1"]
[White "Andre"]
[Black "bettim"]
[Result "1-0"]
[WhiteElo "1545"]
[BlackElo "1382"]

1. e4 a5 2. Qf3 f6 3. Nc3 c6 4. Na4 Ra6 5. Bxa6 bxa6 6. d3 Bb7 7. Nc5 Ba8 8. a3
Qb6 9. d4 d6 10. Ne6 Nd7 11. Nh3 c5 12. c3 d5 13. exd5 cxd4 14. cxd4 Qd6 15.
Nef4 Nb6 16. Qh5+ g6 17. Nxg6 Qxd5 18. Qxd5 Bxd5 19. Nxh8 Bg7 20. f3 Bxh8 21.
O-O f5 22. f4 Bxd4+ 23. Nf2 Nh6 24. h3 Nc4 25. Rd1 1-0

[Event "AUTO-INT-193"]
[Site "http://www.queenalice.com/game.php?id=112235"]
[Date "2006.10.2"]
[Round "1"]
[White "bettim"]
[Black "joek"]
[Result "0-1"]
[WhiteElo "1361"]
[BlackElo "1608"]

1. h4 e5 2. e3 d5 3. f3 Be7 4. g3 Nc6 5. c3 Nf6 6. Bh3 O-O 7. Bxc8 Rxc8 8. Qb3
Na5 9. Qa4 c5 10. Nh3 e4 11. O-O Nh5 12. Kg2 Rc6 13. Nf4 Nxf4+ 14. exf4 Ra6 15.
fxe4 dxe4 16. Re1 f5 17. b4 cxb4 18. cxb4 Nc4 19. Qb5 Nb6 20. Na3 Ra4 21. Nc4
Rxb4 0-1

[Event "AUTO-INT-193"]
[Site "http://www.queenalice.com/game.php?id=112236"]
[Date "2006.10.2"]
[Round "1"]
[White "joek"]
[Black "bettim"]
[Result "1-0"]
[WhiteElo "1467"]
[BlackElo "1355"]

1. e4 d6 2. d4 a5 3. Nf3 Bg4 4. Be2 Bxf3 5. Bxf3 g6 6. Nc3 c6 7. O-O f6 8. Re1
Bh6 9. d5 Bxc1 10. Qxc1 h5 11. Re2 Qb6 12. b3 Nd7 13. Qd2 O-O-O 14. dxc6 bxc6
15. a4 Ne5 16. Re3 h4 17. Rd1 h3 18. g3 Nxf3+ 19. Rxf3 g5 20. Ne2 g4 21. Rf5 1-0

[Event "AUTO-INT-193"]
[Site "http://www.queenalice.com/game.php?id=112237"]
[Date "2006.10.2"]
[Round "1"]
[White "bettim"]
[Black "king_side_rook"]
[Result "0-1"]
[WhiteElo "1250"]
[BlackElo "1286"]

1. h4 e5 2. f3 Nf6 3. g4 h6 4. e3 g5 5. hxg5 Nd5 6. c4 Nb6 7. b3 Qxg5 8. Rh5 Qf6
9. Qe2 d5 10. cxd5 Nxd5 11. Qb5+ c6 12. Qa4 b5 13. Qe4 Nd7 14. d4 Bb4+ 15. Nd2
Bxd2+ 16. Bxd2 Kf8 17. Rc1 exd4 0-1

[Event "AUTO-INT-193"]
[Site "http://www.queenalice.com/game.php?id=112238"]
[Date "2006.10.2"]
[Round "1"]
[White "king_side_rook"]
[Black "bettim"]
[Result "1-0"]
[WhiteElo "1301"]
[BlackElo "1235"]

1. e4 h5 2. d4 g6 3. Nf3 f6 4. Bc4 e6 5. O-O d5 6. Bd3 dxe4 7. Bxe4 f5 8. Bd3
Nf6 9. Ne5 Rg8 10. Bc4 Nc6 11. Nxc6 bxc6 12. Re1 Bb7 13. Bxe6 Rg7 14. Bxf5+ Re7
15. Bxg6+ Kd7 16. Bxh5 Rxe1+ 17. Qxe1 Nxh5 18. Qe5 1-0

[Event "AUTO-OPEN-407"]
[Site "http://www.queenalice.com/game.php?id=112353"]
[Date "2006.10.2"]
[Round "1"]
[White "R_Mutt"]
[Black "bettim"]
[Result "1-0"]
[WhiteElo "1878"]
[BlackElo "1371"]

1. e4 g6 2. d4 f6 3. c4 a5 4. Nf3 c6 5. Nc3 Bh6 6. Bxh6 Nxh6 7. Nh4 g5 8. Qh5+
Nf7 9. Nf5 d6 10. Nh6 Be6 11. d5 Bg4 12. Qxf7+ Kd7 13. Nxg4 Qf8 14. Qe6+ Ke8 15.
Qc8+ Kf7 16. Qxb7 Na6 17. Qxc6 Qc8 18. Nh6+ Kg7 19. Nf5+ 1-0

[Event "AUTO-OPEN-407"]
[Site "http://www.queenalice.com/game.php?id=112354"]
[Date "2006.10.2"]
[Round "1"]
[White "bettim"]
[Black "R_Mutt"]
[Result "0-1"]
[WhiteElo "1373"]
[BlackElo "1876"]

1. h4 e5 2. g3 Nc6 3. c3 Nf6 4. f3 d6 5. d3 Nh5 6. Bh3 Nxg3 7. Rh2 Qxh4 8. e3
Qf6 9. Bxc8 Rxc8 10. Ne2 Qxf3 11. Nxg3 Qxg3+ 12. Rf2 Be7 13. Qe2 Bh4 14. Nd2 f5
15. Nf3 Qxf2+ 16. Qxf2 Bxf2+ 17. Kxf2 h5 18. e4 f4 0-1

[Event "Dani"]
[Site "http://www.queenalice.com/game.php?id=112468"]
[Date "2006.10.2"]
[Round "-"]
[White "dany"]
[Black "bettim"]
[Result "0-1"]
[WhiteElo "1124"]
[BlackElo "1445"]

1. e4 d6 2. Bc4 e6 3. Nf3 f6 4. d3 d5 5. exd5 exd5 6. Bb3 Bg4 7. Nc3 Bb4 8. Bxd5
Qxd5 9. Bd2 Bxc3 10. Bxc3 Bxf3 11. gxf3 Nc6 12. Rg1 O-O-O 13. Rxg7 Nge7 14. f4
Rhg8 15. Rxh7 Rg1+ 16. Ke2 Rxd1 17. Rxd1 Qxa2 18. Bxf6 Qe6+ 19. Kd2 Qxf6 20. b3
Rh8 21. Rxh8+ Qxh8 22. Rh1 Qd4 23. Re1 Qxf2+ 24. Kd1 Qxf4 25. Re4 Qxh2 26. d4
Qh1+ 27. Re1 Qd5 28. c4 Qxd4+ 29. Kc1 Qa1+ 30. Kd2 Qb2+ 0-1

[Event "Challenge"]
[Site "http://www.queenalice.com/game.php?id=112704"]
[Date "2006.10.3"]
[Round "-"]
[White "wishyouwherehere"]
[Black "bettim"]
[Result "1-0"]
[WhiteElo "1711"]
[BlackElo "1344"]

1. e4 h5 2. Nc3 c6 3. Be2 e6 4. Bxh5 g6 5. Be2 Qg5 6. d4 Qxg2 7. Bf3 Qxh1 8.
Bxh1 Rxh2 9. Bf3 b5 10. Bf4 Rh4 11. Bg5 Rh8 12. e5 a5 13. Nxb5 f6 14. Nc7+ Kf7
15. Bxf6 Nxf6 16. Nxa8 Nd5 17. Bxd5 exd5 18. Qf3+ Kg7 19. Qf6+ Kg8 20. Qxg6+ Bg7
21. Nc7 Na6 22. Ne8 Rh6 23. Qxg7# 1-0

[Event "dany2"]
[Site "http://www.queenalice.com/game.php?id=115735"]
[Date "2006.10.11"]
[Round "-"]
[White "bettim"]
[Black "dany"]
[Result "1-0"]
[WhiteElo "1357"]
[BlackElo "1155"]

1. d3 e5 2. Nc3 Nf6 3. f3 Bc5 4. e3 d6 5. d4 Bb6 6. Bb5+ Nc6 7. d5 a6 8. Ba4 O-O
9. dxc6 bxc6 10. Bxc6 Bd7 11. Bxa8 Qxa8 12. Nge2 Re8 13. Ng3 c5 14. Qxd6 Qd8 15.
Nd5 Ba5+ 16. c3 Nh5 17. Nxh5 Be6 18. Qxd8 Rxd8 19. Ne7+ Kh8 20. Nc6 Rd3 21. Nxa5
g6 22. Nf6 Kg7 23. Ne4 c4 24. Nc5 Bc8 25. Nxd3 cxd3 26. O-O Bf5 27. e4 Be6 28.
Rd1 1-0